000 00453nam a2200169Ia 4500
003 GCL
008 140319s9999 xx 000 0 eng d
040 _aGCL /
_cGCL
082 0 4 _a303.6
_bK W
100 1 _aKAPPELER, SUSANNE
245 1 0 _aTHE WILL TO VIOLENCE: THE POLITICS OF PERSONAL BEHAVIOR /
_cKAPPELER, SUSANNE
260 _a[S.N] :
_bPOLITY PRESS ،
_c1995
650 0 4 _aBEHAVIOUR
650 0 4 _aVIOLENCE
650 0 4 _aWOMEN
942 _2ddc
_cBK
999 _c21398
_d21398